[Event "EIBCC 2019"]
[Site "Tallinn"]
[Date "2019.12.07"]
[Round "17.25"]
[White "Vlassow, Valentin"]
[Black "Krupenski, Juri"]
[Result "1-0"]
[WhiteElo "2265"]
[BlackElo "2413"]
[Annotator "NA"]
[PlyCount "43"]
[EventDate "2019.12.06"]
[EventType "swiss"]
[EventCountry "EST"]
[SourceTitle "playchess.com"]
[Source "ChessBase"]
[SourceQuality "1"]

1. e4 c6 2. d4 d5 3. exd5 cxd5 4. Bf4 Nc6 5. c3 Nf6 6. Bd3 Bg4 7. Qb3 e5 8. dxe5 Nh5 9. Qa4 d4 10. Bc1 Qd5 11. Ne2 Qxg2 12. Rg1 Qf3 13. Nxd4 Qxd3 14. Rxg4 O-O-O 15. Nxc6 bxc6 16. Be3 Qd5 17. Qa6+ Kc7 18. Qxa7+ Kc8 19. Qa6+ Kb8 20. Ba7+ Kc7 21. Bb6+ Kd7 22. Rd4 1-0

[Event "EIBCC 2019"]
[Site "Tallinn"]
[Date "2019.12.07"]
[Round "17.26"]
[White "Lobanov, Sergei"]
[Black "Babanin, Gleb"]
[Result "1-0"]
[WhiteElo "2394"]
[BlackElo "2201"]
[Annotator "NA"]
[PlyCount "65"]
[EventDate "2019.12.06"]
[EventType "swiss"]
[EventCountry "EST"]
[SourceTitle "playchess.com"]
[Source "ChessBase"]
[SourceQuality "1"]

1. e4 c5 2. Nf3 Nf6 3. Nc3 d6 4. d4 cxd4 5. Nxd4 a6 6. f3 e5 7. Nb3 Be6 8. Be3 h5 9. Be2 Nbd7 10. Nd5 Bxd5 11. exd5 g6 12. Qd2 Bg7 13. Na5 Rb8 14. c4 O-O 15. O-O e4 16. f4 Ng4 17. Bxg4 hxg4 18. Rab1 f5 19. b4 Qc7 20. c5 Nf6 21. Rfd1 Rfd8 22. c6 b5 23. Nb7 Rxb7 24. cxb7 Qxb7 25. Rbc1 Rc8 26. Rxc8+ Qxc8 27. Rc1 Qb7 28. Rc6 Bf8 29. Bc5 Qd7 30. Rxa6 Be7 31. Be3 Qb7 32. Ra7 Qxd5 33. Rxe7 1-0

[Event "EIBCC 2019"]
[Site "Tallinn"]
[Date "2019.12.07"]
[Round "17.27"]
[White "Belenkaya, Dina"]
[Black "Loginov, Valery A"]
[Result "1/2-1/2"]
[WhiteElo "2203"]
[BlackElo "2376"]
[Annotator "NA"]
[PlyCount "103"]
[EventDate "2019.12.06"]
[EventType "swiss"]
[EventCountry "EST"]
[SourceTitle "playchess.com"]
[Source "ChessBase"]
[SourceQuality "1"]

1. e4 c5 2. Nc3 Nc6 3. Nge2 d6 4. g3 g6 5. Bg2 Bg7 6. d3 e6 7. Be3 Nge7 8. Qd2 O-O 9. Bh6 Nd4 10. Bxg7 Kxg7 11. O-O e5 12. f4 f6 13. Nc1 Be6 14. Nd1 Qd7 15. Ne3 Rac8 16. c3 Ndc6 17. Ne2 d5 18. fxe5 fxe5 19. exd5 Nxd5 20. Nc4 Bf5 21. Rad1 Rcd8 22. a4 Bh3 23. Qg5 Bxg2 24. Kxg2 h6 25. Qh4 Qe6 26. Qe4 Rxf1 27. Rxf1 Nf6 28. Qe3 Qd5+ 29. Qf3 Qxf3+ 30. Rxf3 e4 31. dxe4 Nxe4 32. Nf4 Re8 33. Re3 Nf6 34. Ne6+ Kg8 35. Kf3 b6 36. Nd6 Re7 37. Nf4 Rxe3+ 38. Kxe3 Ng4+ 39. Ke4 Kg7 40. h3 Nf6+ 41. Ke3 g5 42. Ne6+ Kg6 43. g4 h5 44. gxh5+ Kxh5 45. Nf5 Nd5+ 46. Ke4 Nf6+ 47. Ke3 Kg6 48. Nd6 Nd5+ 49. Ke4 Nf6+ 50. Ke3 Nd7 51. Ke4 Nf6+ 52. Ke3 1/2-1/2

[Event "EIBCC 2019"]
[Site "Tallinn"]
[Date "2019.12.07"]
[Round "17.28"]
[White "Timoshin, Andrei"]
[Black "Seeman, Tarvo"]
[Result "0-1"]
[WhiteElo "2130"]
[BlackElo "2358"]
[Annotator "NA"]
[PlyCount "36"]
[EventDate "2019.12.06"]
[EventType "swiss"]
[EventCountry "EST"]
[SourceTitle "playchess.com"]
[Source "ChessBase"]
[SourceQuality "1"]

1. e4 c5 2. Nc3 e6 3. Nf3 Nc6 4. Bb5 Nd4 5. Nxd4 cxd4 6. Ne2 Qg5 7. Bd3 Qxg2 8. Rf1 Bc5 9. Rg1 Qxh2 10. Rxg7 Nf6 11. Rg1 b5 12. b4 Bb6 13. Bb2 Bb7 14. Rf1 Nxe4 15. Bxe4 Bxe4 16. Bxd4 Bxd4 17. Nxd4 Bg2 18. Nf3 Qh5 0-1

[Event "EIBCC 2019"]
[Site "Tallinn"]
[Date "2019.12.07"]
[Round "17.29"]
[White "Smirnov, Artem"]
[Black "Szadkowski, Kamil"]
[Result "1-0"]
[WhiteElo "2283"]
[BlackElo "2095"]
[Annotator "NA"]
[PlyCount "60"]
[EventDate "2019.12.06"]
[EventType "swiss"]
[EventCountry "EST"]
[SourceTitle "playchess.com"]
[Source "ChessBase"]
[SourceQuality "1"]

1. d4 d5 2. c4 dxc4 3. e3 Nf6 4. Bxc4 e6 5. Nf3 a6 6. O-O b5 7. Be2 Bb7 8. a4 b4 9. Ne5 Nbd7 10. Bf3 Nd5 11. Nc4 a5 12. Nbd2 c5 13. e4 N5b6 14. d5 Be7 15. dxe6 fxe6 16. e5 Nd5 17. Bh5+ g6 18. Bg4 Ra6 19. Ne4 O-O 20. Bh6 Rf7 21. Ned6 Bxd6 22. Nxd6 Nxe5 23. Nxf7 Kxf7 24. Bh3 Rd6 25. Qe2 Qf6 26. Rfe1 Nd7 27. Qd2 Qe7 28. Bg5 Qf8 29. Qe2 Kg7 30. Bxe6 Nf4 1-0

[Event "EIBCC 2019"]
[Site "Tallinn"]
[Date "2019.12.07"]
[Round "17.30"]
[White "Babula, Vlastimil"]
[Black "Troyke, Christian"]
[Result "0-1"]
[WhiteElo "2605"]
[BlackElo "2247"]
[Annotator "ChessBase"]
[PlyCount "56"]
[EventDate "2019.12.06"]
[EventType "swiss"]
[EventCountry "EST"]
[SourceTitle "playchess.com"]
[Source "ChessBase"]
[SourceQuality "1"]

1. d4 g6 2. c4 Bg7 3. e4 d6 4. Nc3 Nf6 5. Nf3 O-O 6. Be2 Bg4 7. Be3 Nfd7 8. Rc1 e5 9. d5 f5 10. Ng5 Bxe2 11. Qxe2 Nc5 12. h4 h6 13. Nf3 fxe4 14. Nd2 Nd3+ 15. Kd1 Nxc1 16. Kxc1 Nd7 17. Ndxe4 a6 18. Qg4 Kh7 19. h5 g5 20. Bxg5 hxg5 21. h6 Bf6 22. Ng3 Nc5 23. b4 Nd3+ 24. Kc2 Nf4 25. Nce4 c6 26. Qf5+ Kh8 27. h7 cxd5 28. cxd5 Qc8+ 0-1

[Event "EIBCC 2019"]
[Site "Tallinn"]
[Date "2019.12.07"]
[Round "17.31"]
[White "Chibukhchyan, Erik"]
[Black "Potapov, Pavel"]
[Result "0-1"]
[WhiteElo "2230"]
[BlackElo "2464"]
[Annotator "ChessBase"]
[PlyCount "96"]
[EventDate "2019.12.06"]
[EventType "swiss"]
[EventCountry "EST"]
[SourceTitle "playchess.com"]
[Source "ChessBase"]
[SourceQuality "1"]

1. e4 c5 2. Nf3 Nc6 3. d4 cxd4 4. Nxd4 e5 5. Nb5 d6 6. c4 Be7 7. b3 Nf6 8. N1c3 a6 9. Na3 O-O 10. Bd3 Be6 11. O-O Rc8 12. Bb2 Nd7 13. Nc2 Bg5 14. Ne3 Bxe3 15. fxe3 Qg5 16. Qe2 Nc5 17. Nd5 Rcd8 18. Rae1 Bxd5 19. exd5 Ne7 20. Bc2 a5 21. a3 f5 22. b4 axb4 23. axb4 Ne4 24. Bb3 b6 25. Ra1 Kh8 26. Ra7 Ng6 27. Rb7 f4 28. Rf3 Nh4 29. Bc1 Nxf3+ 30. Qxf3 Qg6 31. Bc2 Ng5 32. Bxg6 Nxf3+ 33. gxf3 hxg6 34. Rxb6 fxe3 35. Bxe3 Rxf3 36. Bf2 Rdf8 37. Bg3 Rc3 38. c5 dxc5 39. bxc5 Rxc5 40. d6 Rd5 41. Kg2 Rd8 42. d7 Kh7 43. Re6 R8xd7 44. Bxe5 Rd2+ 45. Kf3 R7d3+ 46. Ke4 Rd7 47. Rc6 Re2+ 48. Kf4 Rf7+ 0-1

[Event "EIBCC 2019"]
[Site "Tallinn"]
[Date "2019.12.07"]
[Round "17.32"]
[White "Mohr, Georg"]
[Black "Golikov, Daniil"]
[Result "1/2-1/2"]
[WhiteElo "2458"]
[BlackElo "2220"]
[Annotator "ChessBase"]
[PlyCount "96"]
[EventDate "2019.12.06"]
[EventType "swiss"]
[EventCountry "EST"]
[SourceTitle "playchess.com"]
[Source "ChessBase"]
[SourceQuality "1"]

1. g3 Nf6 2. Bg2 d5 3. d3 g6 4. Nd2 Bg7 5. Ngf3 O-O 6. O-O b6 7. e4 dxe4 8. dxe4 Bb7 9. Re1 e6 10. Qe2 c5 11. a4 Nc6 12. c3 Qc7 13. Nc4 Nd7 14. Bf4 Nde5 15. Na3 Nxf3+ 16. Bxf3 Ne5 17. Bg2 Qe7 18. Red1 Rfd8 19. Qc2 Rxd1+ 20. Rxd1 Rd8 21. h3 Bc6 22. Be3 Rxd1+ 23. Qxd1 Qd7 24. Qxd7 Bxd7 25. a5 Nd3 26. axb6 axb6 27. b4 Bxc3 28. bxc5 Nxc5 29. Nc4 Bc6 30. Nxb6 Nxe4 31. Nc8 Bb4 32. Na7 Bd5 33. g4 Nc3 34. Nc6 Bxg2 35. Kxg2 Bd6 36. Bd4 Nd5 37. h4 h6 38. Kf3 Ne7 39. Nxe7+ Bxe7 40. h5 gxh5 41. gxh5 Bg5 42. Ke4 Kf8 43. f4 Bd8 44. f5 exf5+ 45. Kxf5 Bg5 46. Bc3 Bc1 47. Bd4 Bg5 48. Bc3 Ke8 1/2-1/2

[Event "EIBCC 2019"]
[Site "Tallinn"]
[Date "2019.12.07"]
[Round "17.33"]
[White "Putka, Verners"]
[Black "Paakkonen, Timo"]
[Result "1/2-1/2"]
[WhiteElo "2448"]
[BlackElo "2216"]
[Annotator "NA"]
[PlyCount "131"]
[EventDate "2019.12.06"]
[EventType "swiss"]
[EventCountry "EST"]
[SourceTitle "playchess.com"]
[Source "ChessBase"]
[SourceQuality "1"]

1. d4 Nc6 2. Nf3 d6 3. g3 e5 4. Bg2 e4 5. Nfd2 f5 6. c4 g6 7. e3 Bg7 8. f3 exf3 9. Nxf3 Nf6 10. Nc3 O-O 11. O-O Bd7 12. Bd2 h6 13. a3 Kh7 14. Qc2 a6 15. Rae1 Rb8 16. Nh4 Ne7 17. Bc1 b5 18. cxb5 axb5 19. Kh1 d5 20. b4 c6 21. Ne2 Qc7 22. Nf3 Qd6 23. Nf4 Ne4 24. Nd3 Ng8 25. Nfe5 Be8 26. Bb2 Ngf6 27. Nf4 Rc8 28. Rc1 Nd7 29. Ned3 Nb6 30. Ne5 Nd7 31. Nfd3 Ndf6 32. Nc5 Kg8 33. a4 bxa4 34. Qxa4 Nxc5 35. dxc5 Qe6 36. Qb3 Ne4 37. Nd3 Nd2 38. Qc2 Nxf1 39. Bxg7 Nxe3 40. Qc3 Rf7 41. Nf4 Qe7 42. Nxg6 Qg5 43. Be5 Nxg2 44. Nf4 Nxf4 45. gxf4 Qh5 46. Rg1+ Kh7 47. Bh8 Qg6 48. Rxg6 Kxg6 49. Qg3+ Kh7 50. Be5 Bd7 51. Qh4 Rg8 52. Qf2 Rg6 53. h3 Rf8 54. Kh2 Rfg8 55. Qc2 Rg2+ 56. Qxg2 Rxg2+ 57. Kxg2 Kg6 58. Kg3 Bc8 59. Kf2 Ba6 60. Ke3 Bb5 61. Kd4 Ba4 62. Bd6 Bb5 63. Ke5 Ba4 64. h4 h5 65. Be7 Bb5 66. Kd4 1/2-1/2

[Event "EIBCC 2019"]
[Site "Tallinn"]
[Date "2019.12.07"]
[Round "17.34"]
[White "Zelbel, Patrick"]
[Black "Poznyak, Nazar"]
[Result "1-0"]
[WhiteElo "2425"]
[BlackElo "2211"]
[Annotator "NA"]
[PlyCount "101"]
[EventDate "2019.12.06"]
[EventType "swiss"]
[EventCountry "EST"]
[SourceTitle "playchess.com"]
[Source "ChessBase"]
[SourceQuality "1"]

1. e4 c5 2. c3 Nf6 3. e5 Nd5 4. Bc4 e6 5. Nf3 Nc6 6. d4 a6 7. O-O d6 8. Re1 dxe5 9. dxe5 b5 10. Bf1 Be7 11. Nbd2 c4 12. Ne4 h6 13. b3 cxb3 14. axb3 Bb7 15. c4 bxc4 16. bxc4 Ndb4 17. Nd6+ Bxd6 18. exd6 O-O 19. c5 Nd5 20. Bb2 Rb8 21. Nd4 Ncb4 22. Rc1 Qd7 23. Qg4 Nf6 24. Qh4 Bd5 25. Ba1 Rfe8 26. Qg3 Kh8 27. Nf3 Rg8 28. Ne5 Qa7 29. c6 Na2 30. Rcd1 Rb3 31. Rd3 Rxd3 32. Bxd3 Nb4 33. c7 Nxd3 34. Nxf7+ Kh7 35. Qxd3+ g6 36. Bxf6 Rf8 37. Ne5 Rxf6 38. Rf1 Qb7 39. Qc2 Rf8 40. Qxg6+ Kh8 41. Qxh6+ Kg8 42. Qg6+ Kh8 43. Qh5+ Kg7 44. Qg5+ Kh7 45. Qe7+ Kg8 46. Qg5+ Kh7 47. Qg6+ Kh8 48. Qh6+ Kg8 49. Ng6 Re8 50. Qh8+ Kf7 51. Ne5# 1-0

[Event "EIBCC 2019"]
[Site "Tallinn"]
[Date "2019.12.07"]
[Round "17.35"]
[White "Snihur, Piotr"]
[Black "Krutti, Valer"]
[Result "1/2-1/2"]
[WhiteElo "2202"]
[BlackElo "2379"]
[Annotator "NA"]
[PlyCount "65"]
[EventDate "2019.12.06"]
[EventType "swiss"]
[EventCountry "EST"]
[SourceTitle "playchess.com"]
[Source "ChessBase"]
[SourceQuality "1"]

1. d4 Nf6 2. Nf3 g6 3. g3 Bg7 4. Bg2 O-O 5. O-O c5 6. Nc3 cxd4 7. Nxd4 Nc6 8. Nb3 d6 9. e4 Be6 10. Nd5 Rc8 11. Re1 Re8 12. Bg5 Nd7 13. c3 h6 14. Be3 Nde5 15. Nd4 Bd7 16. b3 e6 17. Nf4 a6 18. Rc1 b5 19. Nfe2 Qe7 20. h3 Nxd4 21. Nxd4 Red8 22. Qd2 Kh7 23. Red1 Be8 24. Qe2 Qc7 25. f4 Nd7 26. f5 exf5 27. exf5 Nf6 28. fxg6+ fxg6 29. Ne6 Qe7 30. Nxd8 Rxd8 31. Re1 Qf7 32. Bd4 Bd7 33. Qe7 1/2-1/2

[Event "EIBCC 2019"]
[Site "Tallinn"]
[Date "2019.12.07"]
[Round "17.36"]
[White "Sorensen, Hampus"]
[Black "D`Costa, Lorin"]
[Result "0-1"]
[WhiteElo "2196"]
[BlackElo "2361"]
[Annotator "NA"]
[PlyCount "86"]
[EventDate "2019.12.06"]
[EventType "swiss"]
[EventCountry "EST"]
[SourceTitle "playchess.com"]
[Source "ChessBase"]
[SourceQuality "1"]

1. d4 Nf6 2. c4 g6 3. Nc3 d5 4. Nf3 Bg7 5. h4 c6 6. Bg5 Ne4 7. e3 h6 8. Bf4 Nxc3 9. bxc3 Qa5 10. Qb3 O-O 11. Bd3 dxc4 12. Bxc4 c5 13. O-O Nc6 14. d5 Nb8 15. Ne5 Nd7 16. Nxf7 Kxf7 17. d6+ Ke8 18. Qc2 Rf6 19. dxe7 Kxe7 20. Rad1 Nf8 21. Qe4+ Ne6 22. Be5 Kf7 23. Bxf6 Bxf6 24. h5 gxh5 25. Qh7+ Bg7 26. Rd6 Qc7 27. Rfd1 Qe7 28. Qf5+ Bf6 29. Qxh5+ Kg7 30. R6d5 a6 31. Bd3 Qf7 32. Qg4+ Ng5 33. Qg3 Qxd5 34. f4 Qf7 35. fxg5 Bxg5 36. Rf1 Qe7 37. e4 Be6 38. Qe5+ Bf6 39. Qg3+ Bg5 40. Qe5+ Kg8 41. Qg3 Rf8 42. Re1 Qf6 43. e5 Qf4 0-1

[Event "EIBCC 2019"]
[Site "Tallinn"]
[Date "2019.12.07"]
[Round "18.1"]
[White "Popov, Valerij"]
[Black "Andriasian, Zaven"]
[Result "0-1"]
[WhiteElo "2547"]
[BlackElo "2766"]
[Annotator "TA"]
[PlyCount "66"]
[EventDate "2019.12.06"]
[EventType "swiss"]
[EventCountry "EST"]
[SourceTitle "playchess.com"]
[Source "ChessBase"]
[SourceQuality "1"]

1. c4 e5 2. g3 Nc6 3. Nc3 Bb4 4. Nd5 Nf6 5. Bg2 Nxd5 6. cxd5 Ne7 7. Nf3 Bd6 8. d4 e4 9. Nd2 Nxd5 10. Nxe4 Be7 11. O-O O-O 12. Nc5 c6 13. Bxd5 cxd5 14. Qb3 d6 15. Nd3 Bf6 16. Be3 Qa5 17. Nf4 Bd8 18. Rfc1 Qa6 19. Qxd5 Bd7 20. Qc4 Bb5 21. Qc2 Re8 22. a4 Bd7 23. b4 b6 24. Qd2 Qb7 25. d5 Bg5 26. Ng2 Bf6 27. Bd4 Qxd5 28. Rd1 Bc6 29. f3 Bxd4+ 30. Qxd4 Qxd4+ 31. Rxd4 Rxe2 32. Rd3 Rd8 33. b5 Ba8 0-1

[Event "EIBCC 2019"]
[Site "Tallinn"]
[Date "2019.12.07"]
[Round "18.2"]
[White "Morozevich, Alexander"]
[Black "Lysyj, Igor"]
[Result "1/2-1/2"]
[WhiteElo "2712"]
[BlackElo "2600"]
[Annotator "TA"]
[PlyCount "106"]
[EventDate "2019.12.06"]
[EventType "swiss"]
[EventCountry "EST"]
[SourceTitle "playchess.com"]
[Source "ChessBase"]
[SourceQuality "1"]

1. g3 d5 2. Nf3 Nf6 3. Bg2 e6 4. O-O Be7 5. d3 O-O 6. Nbd2 c5 7. e4 Nc6 8. Re1 Qc7 9. c3 b6 10. Qe2 Bb7 11. e5 Nd7 12. Nf1 Rfc8 13. h4 b5 14. Bg5 Bf8 15. N1h2 a5 16. Ng4 h6 17. Bf4 Qd8 18. Rad1 a4 19. h5 a3 20. b3 Ne7 21. d4 cxd4 22. cxd4 Nf5 23. Ne3 Nxe3 24. Bxe3 b4 25. Bf1 Ba6 26. Qd2 Bxf1 27. Kxf1 Rc3 28. Kg2 Rac8 29. Re2 Qc7 30. Ne1 f5 31. Rb1 Qc6 32. f4 Nb6 33. Qd1 Qe8 34. Bd2 R3c7 35. Rf2 Qd7 36. Rc1 Rxc1 37. Bxc1 Qb5 38. Rc2 Rxc2+ 39. Qxc2 Nd7 40. Nd3 Nb8 41. Be3 Nc6 42. Kh3 Be7 43. g4 fxg4+ 44. Kxg4 Kf7 45. Kg3 Kf8 46. f5 Bg5 47. Bxg5 hxg5 48. f6 Kg8 49. Nf2 Nxd4 50. Qg6 Nf5+ 51. Kh2 Qe2 52. Qe8+ Kh7 53. Qg6+ Kg8 1/2-1/2

[Event "EIBCC 2019"]
[Site "Tallinn"]
[Date "2019.12.07"]
[Round "18.3"]
[White "Sargissian, Gabriel"]
[Black "Turov, Maxim"]
[Result "0-1"]
[WhiteElo "2676"]
[BlackElo "2535"]
[Annotator "ChessBase"]
[PlyCount "86"]
[EventDate "2019.12.06"]
[EventType "swiss"]
[EventCountry "EST"]
[SourceTitle "playchess.com"]
[Source "ChessBase"]
[SourceQuality "1"]

1. d4 Nf6 2. c4 e6 3. Nf3 Bb4+ 4. Nbd2 O-O 5. a3 Be7 6. e4 d6 7. Be2 c5 8. d5 e5 9. Qc2 g6 10. Nf1 Nh5 11. Bh6 Re8 12. g3 f5 13. h4 Bf8 14. Bd2 fxe4 15. Ng5 Nf6 16. Be3 h6 17. Nd2 hxg5 18. hxg5 Nh7 19. Nxe4 Bg7 20. O-O-O Bf5 21. Bd3 Qe7 22. Rh4 Nd7 23. g4 Bxe4 24. Bxe4 Ndf8 25. Bxg6 Nxg6 26. Qxg6 Nf8 27. Qf5 e4 28. Bf4 Rad8 29. Rdh1 e3 30. fxe3 Qe4 31. Qxe4 Rxe4 32. b3 Ng6 33. Rh5 Nxf4 34. exf4 Rxf4 35. Re1 Rdf8 36. Re6 Rxg4 37. g6 Rg2 38. Rh1 Be5 39. Re7 Rff2 40. Re8+ Kg7 41. Re6 Rc2+ 42. Kd1 Rgd2+ 43. Ke1 Bg3+ 0-1

[Event "EIBCC 2019"]
[Site "Tallinn"]
[Date "2019.12.07"]
[Round "18.4"]
[White "Saric, Ante"]
[Black "Guseinov, Gadir"]
[Result "1/2-1/2"]
[WhiteElo "2577"]
[BlackElo "2593"]
[Annotator "ChessBase"]
[PlyCount "57"]
[EventDate "2019.12.06"]
[EventType "swiss"]
[EventCountry "EST"]
[SourceTitle "playchess.com"]
[Source "ChessBase"]
[SourceQuality "1"]

1. Nf3 g6 2. e4 c5 3. c4 Nc6 4. d4 cxd4 5. Nxd4 Nf6 6. Nc3 Nxd4 7. Qxd4 d6 8. f3 Bg7 9. Be3 O-O 10. Qd2 Be6 11. Rc1 Qa5 12. Be2 Rfc8 13. b3 a6 14. Na4 Qxd2+ 15. Kxd2 Nd7 16. g4 f5 17. exf5 gxf5 18. h3 Rf8 19. f4 Rad8 20. Nc3 d5 21. cxd5 Nf6 22. Bb6 Nxd5 23. Bxd8 Rxd8 24. Nxd5 Bxd5 25. Ke3 Bxh1 26. Rxh1 Bd4+ 27. Kf3 Bc5 28. Rd1 Rxd1 29. Bxd1 1/2-1/2

[Event "EIBCC 2019"]
[Site "Tallinn"]
[Date "2019.12.07"]
[Round "18.5"]
[White "Sanal, Vahap"]
[Black "Postny, Evgeny"]
[Result "1-0"]
[WhiteElo "2563"]
[BlackElo "2661"]
[Annotator "ChessBase"]
[PlyCount "83"]
[EventDate "2019.12.06"]
[EventType "swiss"]
[EventCountry "EST"]
[SourceTitle "playchess.com"]
[Source "ChessBase"]
[SourceQuality "1"]

1. e4 e5 2. Nf3 Nc6 3. Bc4 Nf6 4. d4 exd4 5. e5 d5 6. Bb5 Nd7 7. O-O Be7 8. Bxc6 bxc6 9. Nxd4 Nb8 10. Nc3 O-O 11. Re1 c5 12. Nf3 Bb7 13. Bf4 Qd7 14. Bg5 d4 15. Bxe7 Qxe7 16. Ne4 Nc6 17. Ng3 Bc8 18. Qd2 Bg4 19. Qf4 Bxf3 20. Qxf3 Qe6 21. Qa3 Nb4 22. Re2 Qc4 23. Qf3 Nxc2 24. Rc1 d3 25. Re4 Nd4 26. Qe3 Qxa2 27. Rf1 Qxb2 28. Rg4 Ne6 29. Nf5 g6 30. Rh4 gxf5 31. Qh6 Rfd8 32. Qxh7+ Kf8 33. Qh8+ Ke7 34. Qf6+ Kd7 35. Qxf7+ Kc6 36. Qxe6+ Kb7 37. Qxf5 a5 38. Qf3+ Ka7 39. Ra4 Kb8 40. Raa1 a4 41. Rfb1 a3 42. Rxb2+ 1-0

[Event "EIBCC 2019"]
[Site "Tallinn"]
[Date "2019.12.07"]
[Round "18.6"]
[White "Sebenik, Matej"]
[Black "Demidov, Mikhail"]
[Result "0-1"]
[WhiteElo "2457"]
[BlackElo "2631"]
[Annotator "ChessBase"]
[PlyCount "70"]
[EventDate "2019.12.06"]
[EventType "swiss"]
[EventCountry "EST"]
[SourceTitle "playchess.com"]
[Source "ChessBase"]
[SourceQuality "1"]

1. d4 d5 2. c4 c6 3. Nf3 Nf6 4. e3 Bf5 5. Nc3 e6 6. Nh4 Be4 7. f3 Bg6 8. Qb3 Qc7 9. Bd2 a6 10. Be2 Be7 11. g3 dxc4 12. Bxc4 b5 13. Be2 c5 14. dxc5 Nbd7 15. Nxg6 hxg6 16. Rc1 Nxc5 17. Qc2 Qd7 18. b4 Nb7 19. a4 Nd6 20. e4 Nc4 21. axb5 Nxd2 22. Qxd2 Qxd2+ 23. Kxd2 axb5 24. Bxb5+ Kf8 25. Rb1 Rb8 26. Ke2 Bd6 27. Ba4 Ke7 28. Nb5 Ra8 29. Bc2 Ra2 30. Rbc1 Bxb4 31. Nd4 Bc3 32. Nb5 Bb2 33. Rcd1 Be5 34. Rd2 Bxg3 35. h3 Bf4 0-1

[Event "EIBCC 2019"]
[Site "Tallinn"]
[Date "2019.12.07"]
[Round "18.7"]
[White "Galopoulos, Nikolaos"]
[Black "Motylev, Alexander"]
[Result "1/2-1/2"]
[WhiteElo "2429"]
[BlackElo "2629"]
[Annotator "ChessBase"]
[PlyCount "36"]
[EventDate "2019.12.06"]
[EventType "swiss"]
[EventCountry "EST"]
[SourceTitle "playchess.com"]
[Source "ChessBase"]
[SourceQuality "1"]

1. d4 d5 2. c4 e6 3. Nc3 a6 4. Nf3 dxc4 5. a4 Nc6 6. e3 Na5 7. Ne5 c5 8. Nxc4 cxd4 9. exd4 Nf6 10. Bg5 Be7 11. Ne5 O-O 12. Be2 Bd7 13. O-O Rc8 14. Bf3 Bc6 15. Nxc6 Nxc6 16. Bxf6 Bxf6 17. d5 exd5 18. Nxd5 Be5 1/2-1/2

[Event "EIBCC 2019"]
[Site "Tallinn"]
[Date "2019.12.07"]
[Round "18.8"]
[White "Esipenko, Andrey"]
[Black "Lazavik, Denis"]
[Result "1-0"]
[WhiteElo "2582"]
[BlackElo "2222"]
[Annotator "ChessBase"]
[PlyCount "109"]
[EventDate "2019.12.06"]
[EventType "swiss"]
[EventCountry "EST"]
[SourceTitle "playchess.com"]
[Source "ChessBase"]
[SourceQuality "1"]

1. d4 d5 2. c4 c6 3. Nf3 Nf6 4. e3 g6 5. Nc3 Bg7 6. Be2 O-O 7. O-O dxc4 8. Bxc4 Bg4 9. h3 Bxf3 10. Qxf3 Nbd7 11. Rd1 e5 12. d5 e4 13. Qe2 cxd5 14. Nxd5 Nc5 15. Rb1 Nxd5 16. Bxd5 Qe7 17. Bd2 Nd3 18. Bc3 Rfd8 19. Bxg7 Kxg7 20. Bc4 Ne5 21. Bb3 Rac8 22. Rd4 Nc6 23. Rxd8 Rxd8 24. Rc1 Qf6 25. Rc4 Qe5 26. Rc3 a6 27. a3 Rd6 28. Ba4 Qd5 29. Bb3 Qe5 30. Qc4 Qe7 31. Bc2 Re6 32. Qd5 Re5 33. Qd1 Re6 34. Ba4 b5 35. Bb3 Rd6 36. Qc2 Qe8 37. Rc5 h5 38. Bd5 Ne7 39. Bxe4 Kg8 40. Rc7 Qd8 41. Bf3 Rd7 42. Rc5 Rd6 43. b3 Qb6 44. Qc3 Qd8 45. a4 bxa4 46. bxa4 h4 47. a5 Re6 48. Rc4 Rd6 49. Rxh4 f6 50. Rc4 Kg7 51. Rc7 Rd7 52. Rc5 Nf5 53. Bg4 Qe7 54. Bxf5 gxf5 55. Rxf5 1-0

[Event "EIBCC 2019"]
[Site "Tallinn"]
[Date "2019.12.07"]
[Round "18.9"]
[White "Dragnev, Valentin"]
[Black "Mamedov, Rauf"]
[Result "0-1"]
[WhiteElo "2523"]
[BlackElo "2670"]
[Annotator "ChessBase"]
[PlyCount "76"]
[EventDate "2019.12.06"]
[EventType "swiss"]
[EventCountry "EST"]
[SourceTitle "playchess.com"]
[Source "ChessBase"]
[SourceQuality "1"]

1. d4 d6 2. e4 g6 3. c4 Bg7 4. Nc3 Nc6 5. Nge2 e5 6. d5 Nce7 7. Be3 f5 8. f3 Nf6 9. Qd2 O-O 10. h3 c6 11. g4 cxd5 12. cxd5 b5 13. gxf5 b4 14. Na4 gxf5 15. Rg1 fxe4 16. Bh6 Ng6 17. Bxg7 Kxg7 18. f4 Qa5 19. fxe5 dxe5 20. b3 Qxd5 21. Qxb4 e3 22. Qc3 Qf3 23. O-O-O Bf5 24. Nc5 Rac8 25. Kb2 Kh8 26. Rc1 Rfd8 27. Ka3 Qd5 28. Ng3 Be6 29. Bg2 Qd6 30. Qxe3 Nd5 31. Qf2 Rf8 32. Nge4 Qe7 33. Qd2 Rfd8 34. Qg5 Qf8 35. Rgf1 Ndf4 36. Rf2 Bd5 37. Kb2 Bxe4 38. Nxe4 Nd3+ 0-1

[Event "EIBCC 2019"]
[Site "Tallinn"]
[Date "2019.12.07"]
[Round "18.10"]
[White "Riazantsev, Alexander"]
[Black "Usmanov, Vasily"]
[Result "1/2-1/2"]
[WhiteElo "2635"]
[BlackElo "2495"]
[Annotator "ChessBase"]
[PlyCount "97"]
[EventDate "2019.12.06"]
[EventType "swiss"]
[EventCountry "EST"]
[SourceTitle "playchess.com"]
[Source "ChessBase"]
[SourceQuality "1"]

1. d4 d5 2. c4 e6 3. Nf3 Nf6 4. Bg5 Be7 5. e3 h6 6. Bxf6 Bxf6 7. Qc2 c6 8. Nbd2 Nd7 9. Be2 O-O 10. O-O dxc4 11. Nxc4 b5 12. Nd6 Qb6 13. Rac1 Be7 14. Ne4 Bb7 15. Nfd2 f5 16. Nc5 Nxc5 17. dxc5 Qc7 18. b4 a5 19. a3 axb4 20. axb4 Bf6 21. Qb3 Qf7 22. Rfd1 e5 23. Qb1 Bc8 24. Nb3 Be6 25. Na5 e4 26. Rd6 Be5 27. Rxc6 f4 28. Qxe4 fxe3 29. Qxe5 Qxf2+ 30. Kh1 Qxe2 31. Qxe6+ Kh8 32. h4 Rf4 33. Qe7 Qf2 34. Rxh6+ gxh6 35. Qe5+ Kh7 36. Qe7+ Kg8 37. Qe6+ Kg7 38. Qe5+ Kg6 39. Qe6+ Kh5 40. Qd5+ Kg6 41. Qc6+ Kg7 42. Qb7+ Kf6 43. Qc6+ Kf5 44. Qd5+ Kg6 45. Qc6+ Kg7 46. Qb7+ Kf6 47. Qc6+ Ke5 48. Qd6+ Kf5 49. Qd5+ 1/2-1/2

[Event "EIBCC 2019"]
[Site "Tallinn"]
[Date "2019.12.07"]
[Round "18.11"]
[White "Stupak, Kirill"]
[Black "Hjartarson, Johann"]
[Result "1-0"]
[WhiteElo "2459"]
[BlackElo "2559"]
[Annotator "ChessBase"]
[PlyCount "99"]
[EventDate "2019.12.06"]
[EventType "swiss"]
[EventCountry "EST"]
[SourceTitle "playchess.com"]
[Source "ChessBase"]
[SourceQuality "1"]

1. d4 Nf6 2. g3 g6 3. Bg2 Bg7 4. e4 d6 5. Nc3 O-O 6. Nge2 Nbd7 7. h3 c5 8. Be3 Rb8 9. dxc5 dxc5 10. Qd2 b6 11. Bf4 e5 12. Bg5 Bb7 13. Rd1 Re8 14. O-O Bc6 15. Nd5 Bxd5 16. exd5 Nf8 17. Nc3 Qd7 18. Qe2 h6 19. Bc1 b5 20. Be3 Rec8 21. b3 b4 22. Na4 Qd6 23. Nb2 N6d7 24. Nc4 Qc7 25. Bc1 f5 26. d6 Qd8 27. Bd5+ Kh7 28. Bb2 e4 29. Bxg7 Kxg7 30. f3 Qg5 31. Kh2 Re8 32. fxe4 Ne6 33. h4 Qf6 34. e5 Qd8 35. Qf2 Ndf8 36. h5 Qg5 37. hxg6 Nd4 38. Rxd4 cxd4 39. Qxf5 Qxg6 40. Qxg6+ Nxg6 41. e6 Rbd8 42. e7 Nxe7 43. Rf7+ Kg6 44. Rxe7 Rxe7 45. dxe7 Re8 46. Ne5+ Kf6 47. Nc6 a5 48. Kg2 Kf5 49. Bf3 Kf6 50. Bh5 1-0